US States That Route 66 Passed Through - Statistics

General Stats
  • This quiz has been taken 62 times
  • The average score is 8 of 8
Answer Stats
Miles Answer % Correct
314 California
98%
487 New Mexico
98%
186 Texas
98%
401 Arizona
96%
432 Oklahoma
95%
13 Kansas
91%
301 Illinois
89%
317 Missouri
88%
No matching quizzes found
Score Distribution
Percent of People with Each Score
Percentile by Number Answered
Your Score History
You have not taken this quiz